00579cam a22002291 4500001001300000003000400013005001700017008004100034010001700075025001900092035002000111040002100131042001200152050002200164100002400186245003700210260001100247300001800258500001400276600004200290999001700332sa 68019556 DLC20260227112718.0950217s1966 ii 000 0 tamo  asa 68019556  aPL480:I-T-1787 a(OCoLC)32009828 aDLCcCUdCUdDLC apremarc00aPL4780.9.K44bZ851 aRamachandran, T. N.10aKaḷaṅkaṇṭa ar̲avōn̲. c[1966] a93 p.c18 cm. aIn Tamil.00aKhadga Tikkana,dactive 12th century. c88959d88959